Nowa Sol (Titelsatznr. 80344)
[ MARC ]
| 000 -Satzkennung | |
|---|---|
| Kontrollfeld mit fester Länge | 00480nam a22001697a 4500 |
| 008 - Feld mit fester Länge zur physischen Beschreibung - Allgemeine Angaben | |
| Kontrollfeld mit fester Länge | 201208b ||||| |||| 00| 0 eng d |
| 040 ## - Katalogisierungsquelle | |
| Bearbeitungsstelle | StAFF |
| 041 ## - Sprachcode | |
| Sprachcode des Textes/der Tonspur oder des separaten Titels | pol |
| 041 ## - Sprachcode | |
| Sprachcode des Textes/der Tonspur oder des separaten Titels | ger |
| 245 ## - Titel | |
| Titel | Nowa Sol |
| 260 ## - Publikation, Vertrieb usw. (Erscheinungsvermerk) | |
| Erscheinungsort, Vertriebsort etc. | Nowa Sol |
| Name des Verlags, des Vertriebs etc. | Muzeum Miejskriego w Nowej Soli |
| Date of publication, distribution, etc | 2010 |
| 300 ## - Physische Beschreibung | |
| Umfang | 72 ungezählte Seiten |
| Andere physische Details | überw. Ill. |
| 500 ## - Allgemeine Fußnote | |
| Allgemeine Fußnote | Bildband |
| 500 ## - Allgemeine Fußnote | |
| Allgemeine Fußnote | Nowa Sol - Partner der Stadt Frankfurt (Oder) im Projekt "Oder für Touristen" |
| 942 ## - Zusätzliche Felder (Koha) | |
| Klassifikation oder Aufstellungssystematik | Andere/Generische Klassifikation |
| Koha-Medientyp | Bücher |
| Ausgeschieden | Verloren | Klassifikation oder Aufstellungssystematik | Beschädigt | Nicht entleihbar | Permanenter Standort | Aktueller Standort | Aufstellungsort | Erwerbungsdatum | Kodierter Standort-Qualifier | Anzahl Ausleihen | Signatur | Letzte Aktivität | Exemplarnummer | Preis gültig von | Medientyp |
|---|---|---|---|---|---|---|---|---|---|---|---|---|---|---|---|
| Andere/Generische Klassifikation | Stadtarchiv Frankfurt (Oder) | Archivbibliothek | Stadtarchiv Frankfurt (Oder) | Archivbibliothek | Magazin | 08/12/2020 | M | II: 4977 | 08/12/2020 | 191/2020 | 08/12/2020 | Bücher |